| 000 | 02150ngm a22004814i 4500 | ||
|---|---|---|---|
| 001 | 991061308193506706 | ||
| 003 | ES-BaIT | ||
| 005 | 20260225115242.0 | ||
| 008 | 250404s1987 gw ||| |-|||||q|| vleng|c | ||
| 024 | 8 | _a807280138092 | |
| 028 | 4 | 0 |
_a101 380 _bArthaus |
| 040 |
_aES-BaIT _bcat _erda _cES-BaIT |
||
| 080 | _a793.4(086.8) | ||
| 130 | 0 | _aGiselle (Coreografia: Ek) | |
| 245 | 0 | 0 |
_aGiselle / _cchoreography and TV adaptation by Mats Ek ; music by Adolphe Adam ; Cullberg Ballet ; Sound recordering: Orchestre National de l'Opéra de Monte-Carlo ; conductor Richard Bonynge ; TV director Måns Reuterswärd, |
| 246 | 1 | 3 | _aMats Ek's Giselle |
| 264 | 1 |
_aHalle (Saale) : _bArthaus Musik, _c1987 |
|
| 264 | 4 |
_bSveriges Television AB/SUT, _c©1987 |
|
| 300 |
_a1 videodisc (DVD) (89 min): _bcolor, so; _c19 cm + _e1 llibret (25 pàgines : il·lustracions en blanc i negre |
||
| 336 |
_aimatge en moviment bidimensional _btdi _2rdacontent |
||
| 337 |
_avídeo _bv _2rdamedia |
||
| 338 |
_avideodisc _bvd _2rdacarrier |
||
| 344 |
_adigital _bmagnètic _gestèreo _hDolby digital 5.1 _2rda |
||
| 346 | _bNTSC | ||
| 347 |
_afitxer vídeo _bDVD vídeo _etotes les regions _2rda |
||
| 500 | _aFormat de pantalla (4:3) | ||
| 500 | _aPaís i any de producció: Suècia, 1987 | ||
| 500 | _aS'estrena el 6 de juliol de 1982 i s'adapta per a la televisió el 1987 | ||
| 508 | _aProducció of SVT 1 Drama in association with RM Arts | ||
| 511 | 1 | _aBallarins: Ana Laguna (Giselle), Luc Bouy (Albrecht), Yvan Auzely (Hilarion), Vanessa McIntosh (Bathilde), Lena Wennergren (Myrtha) | |
| 546 | _aLlibret en anglès, francès i alemany | ||
| 650 | 4 |
_aDansa clàssica _xCoreografies _956589 |
|
| 655 | 7 |
_aDansa filmada _2lemac _9168293 |
|
| 700 | 1 |
_aBonynge, Richard _edirector d'orquestra _983332 |
|
| 700 | 1 |
_aEk, Mats _ecoreògraf _988939 |
|
| 700 | 1 |
_aAdam, Adolphe, _d1803-1856 _ecompositor _9128495 |
|
| 700 | 1 |
_aReuterswärd, Måns _erealitzador _9168698 |
|
| 710 | 2 |
_aOpéra de Monte-Carlo. _bOrchestre national _einstrumentista _996429 |
|
| 710 | 2 |
_aCullberg Ballet _eballarí _993492 |
|
| 908 | _aCDMAE | ||
| 940 | _aCDMAE | ||
| 942 |
_2udc _c5 |
||
| 999 |
_c137138 _d137138 |
||